LEADER 01187nam a2200253 i 4500 001 000000155125 003 CaOOAMICUS 005 20211214171403.0 008 061102s1908 it u000 u ita u 013 $a132474 040 $aSeMil$bita 100 1 $aCervantes Saavedra, Miguel : de,$d<1547-1616>.$0(OLS)http://semarc/name/4088 240 13$aEl ingenioso hidalgo don Quijote de la Mancha.$0(OLS)http://semarc/title/406123 245 10$aDon Chisciotte della Mancia /$cdi Michele Cervantes di Saavedra ; illustrato da Gustavo Doré. 264 1$aRoma :$bG. Scotti & C.,$c1908. 300 $aVIII, 928 p. :$bill. ;$c35 cm. 500 $aIn mezzo al front : 1° e 2° parte (volume unico). 650 4$aCervantes Saavedra, Miguel : de <1547-1616> . Don Quijote de la Mancha.$0(OLS)http://semarc/subject/2151 700 1 $aDoré, Gustave,$d<1832-1883>.$0(OLS)http://semarc/name/8279 850 $aSeMil 852 $aSeMil$W1$xVenegono$y1$m5L X 17$j106976$B106976$CSeMilBibl$Z2$F116270 $8I 996 $6245$aDon Chisciotte della Mancia$9(OLS)http://semarc/title/10639 996 $6264$aRoma :$bG. Scotti & C.$9(OLS)http://semarc/publisher/48239 LEADER 00690nam a2200181 i 4500 001 000000222278 003 CaOOAMICUS 005 20130930000000.0 008 130930s1785 it u000 u fre u 013 $a201175 026 $aS.++ u,x. onla poge (3) 1785 (A) 040 $aSeMil$bita 245 10$a[Romans. Tome 2.]. 300 $a[4], 396 p. 773 0 $aVoltaire <1694-1778>$tOeuvres completes de Voltaire. Tome 1. [-92.].$d[Kehl] : De l'Imprimerie de la Société Littéraire-typographique, 1785-1789.$g57$w()4088 850 $aSeMil 852 $aSeMil$W1$xVenegono$y1$m2Q IV 132 FA$j172624$B172624$CSeMilBibl$Z2$F183601 $8I 996 $6245$a[Romans. Tome 2.]$9(OLS)http://semarc/title/318596